Countries in French - Statistics

General Stats
  • This quiz has been taken 53 times
  • The average score is 18 of 20
Answer Stats
French English % Correct
L'Autriche Austria
100%
Le Brésil Brazil
100%
L'Inde India
100%
L'Espagne Spain
100%
L'Ouzbékistan Uzbekistan
100%
La Hongrie Hungary
98%
Le Pérou Peru
98%
La Suisse Switzerland
96%
L'Ouganda Uganda
96%
Le Royaume-Uni United Kingdom
96%
Les États-Unis United States
96%
L'Allemagne Germany
93%
La Suède Sweden
93%
La Corée du Sud South Korea
89%
L'Équateur Ecuador
87%
L’Érythrée Eritrea
85%
La Tchéquie Czechia
83%
La Lettonie Latvia
83%
Les Pays-Bas Netherlands
78%
La Birmanie Myanmar
74%
No matching quizzes found
Score Distribution
Percent of People with Each Score
Percentile by Number Answered
Your Score History
You have not taken this quiz